101 top tips for black & white digital photography / (Record no. 19651)

MARC details
000 -LEADER
fixed length control field 01218cam a22003251i 4500
001 - CONTROL NUMBER
control field 016196046
003 - CONTROL NUMBER IDENTIFIER
control field EG-ScBUE
005 - DATE AND TIME OF LATEST TRANSACTION
control field 20230222044930.0
008 - FIXED-LENGTH DATA ELEMENTS--GENERAL INFORMATION
fixed length control field 121015s2012 enka f d 001 0 eng d
020 ## - INTERNATIONAL STANDARD BOOK NUMBER
International Standard Book Number 9781908150905 (pbk.)
040 ## - CATALOGING SOURCE
Original cataloging agency StDuBDS
Language of cataloging eng
Description conventions rda
Transcribing agency StDuBDS
Modifying agency Uk
-- EG-ScBUE
082 04 - DEWEY DECIMAL CLASSIFICATION NUMBER
Classification number 770
Edition number 22
Item number BEA
100 1# - MAIN ENTRY--PERSONAL NAME
Personal name Beardsworth, John,
Relator term author.
9 (RLIN) 38347
245 10 - TITLE STATEMENT
Title 101 top tips for black & white digital photography /
Statement of responsibility, etc John Beardsworth.
246 3# - VARYING FORM OF TITLE
Title proper/short title One hundred and one top tips for black & white digital photography
246 3# - VARYING FORM OF TITLE
Title proper/short title Hundred and one top tips for black & white digital photography
246 3# - VARYING FORM OF TITLE
Title proper/short title 101 and one top tips for black and white digital photography
264 #1 - PUBLICATION, DISTRIBUTION, ETC. (IMPRINT)
Place of publication, distribution, etc Lewes :
Name of publisher, distributor, etc Ilex Press,
Date of publication, distribution, etc 2012.
300 ## - PHYSICAL DESCRIPTION
Extent 176 pages :
Other physical details illustrations (black and white, and color) ;
Dimensions 24 cm
336 ## - CONTENT TYPE
Source rdacontent
Content type term text
Content type code txt
337 ## - MEDIA TYPE
Source rdamedia
Media type term unmediated
Media type code n
338 ## - CARRIER TYPE
Source rdacarrier
Carrier type term volume
Carrier type code nc
500 ## - GENERAL NOTE
General note Includes index.<br/>
500 ## - GENERAL NOTE
General note Includes glossary.<br/>
650 #7 - SUBJECT ADDED ENTRY--TOPICAL TERM
Topical term or geographic name as entry element Black-and-white photography
General subdivision Technique.
Source of heading or term BUEsh
650 #7 - SUBJECT ADDED ENTRY--TOPICAL TERM
Topical term or geographic name as entry element Photography
General subdivision Digital techniques.
Source of heading or term BUEsh
9 (RLIN) 37027
653 ## - INDEX TERM--UNCONTROLLED
Resource For college Communication and mass media
Arrived date list June2015
-- August2015
655 ## - INDEX TERM--GENRE/FORM
Form subdivision Reading book
942 ## - ADDED ENTRY ELEMENTS (KOHA)
Source of classification or shelving scheme Dewey Decimal Classification
Koha item type Book - Borrowing
Holdings
Withdrawn status Lost status Source of classification or shelving scheme Damaged status Not for loan Collection code Home library Current library Shelving location Date acquired Source of acquisition Cost, normal purchase price Serial Enumeration / chronology Total Checkouts Total Renewals Full call number Barcode Date last seen Date checked out Cost, replacement price Koha item type
    Dewey Decimal Classification     Alahram Central Library Central Library Second Floor 15/06/2015   172.00 340 4 2 770 BEA 000038744 15/07/2025 29/05/2023 215.00 Book - Borrowing